01321agaaa2200253 45000010005000000030009000050050017000140070009000310080040000400400023000800410013001031000047001161300031001632450125001942500022003192600129003413000033004705200318005035380016008215460013008376500090008507000059009407000068009999214IT-RoPAU20220918181302.0d cvaizq50131s9999||||xx ||| | || ||und|| aIT-RoPAUcIT-RoPAU aITALIANO aBurnford PaulgCodice regista SPICS: 27793 aBASI DELLA FOTOGRAFIA (LE) aBASI DELLA FOTOGRAFIA (LE)cDiretto da: Burnford PaulpBASI DELLA FOTOGRAFIA (LE) (Rif. Codice opera principale : 79214) aEdizione Standard aROMA (STATI UNITI)bSAMPAOLO FILM AUDIOVISIVI / Distribuzione: MASTER VIDEOg"1983 (1° ed.: 1986 ; Ed. Lingua Orig.: 1983)" aVHSbsonoro, col.c18 minuti aESSENDO IL CINEMA UN INSIEME DI IMMAGINI L'ARTE DI CREARE COMPORRE ILLUMINARE LE IMMAGINI E DI RIPRENDERLE E' IMPORTANTE PER LA BUONA RIUSCITA DI UN FILM FOTOGRAFIA DEL FILM IN QUESTO DOCUMENTARIO SONO RACCOLTE ALCUNE NOTIZIE FONDAMENTALI SULLE TECNICHE FOTOGRAFICHE VECCHIE E NUOVE E SUI RISULTATI CHE ESSE DANNO aPAL, STEREO aITALIANO aDIDATTICOeTV-PROG. DIDATTICO/CULTURALI-DOCUMENTARI [VHS]xCodice MATERIA SPICS: 9962 aBurnford Paul e(regista)gCodice regista SPICS: 27793 aSamuelson Jerrye(regista)gCodice secondo regista SPICS: 27795